00570nam a2200157Ia 4500082002300000100001700023245008700040260003500127300002600162504003300188650004000221650004300261650003300304650003000337650004500367 a305.80095452 SHA-; aShashi, S.S. 0aShepherds of India: a socio-cultural study of sheep and cattle-rearing communities aDelhibSundeep Prakashanc1978 a122p.: 23 photographs aIncludes index, bibliography aSocial structure - Himachal Pradesh aShepherds - History - Himachal Pradesh aEthnology - Himachal Pradesh aTribes - Himachal Pradesh aGuddis (Indic people) - Himachal Pradesh